000 00636nam a22002057a 4500
003 DO-SdBNP
005 20210920090355.0
007 ta
008 210920b ||||| |||| 00| 0 eng d
020 _a978-9945-9278-0-1
040 _aDO-SdBNP
_bspa
_cBNPHU
082 _a616.2
_bC873
245 _aEl covid-19 en barrios urbano-marginales del gran Santo Domingo :
_bla desigualdad ratificada
260 _aSanto Domingo :
_bFundación Friedrich Eberto Stiftung,
_c[2000]
300 _a71 p. ;
_c29 cm
590 _aInventariado, 2021 / DG
650 4 _aInfecciones por coronavirus
_977813
910 _aD/G
942 _2ddc
_cLBS1
999 _c50572
_d50572